Teorie rozvoje: indická perspektiva
Stručne o teórii rozvoja. Vývoj a súčasné prístupy k rozvojovým teóriám v Indii. Rozvoj a rozvojové štúdie v Indii. Krátky "výlet" do súčasnej Indie. Stručná charakteristika piatich prestížnych indických inštitúcií.
Enregistré dans:
| Auteur principal: | |
|---|---|
| Format: | Chapitre de livre |
| Langue: | tchèque |
| Sujets: | |
| Tags: |
Pas de tags, Soyez le premier à ajouter un tag!
|
MARC
| LEADER | 00000naa$a2200000$$$4500 | ||
|---|---|---|---|
| 001 | 0090998 | ||
| 005 | 20221207083630.7 | ||
| 041 | 0 | |a cze | |
| 044 | |a SK | ||
| 245 | 1 | 0 | |a Teorie rozvoje: indická perspektiva |c Petr Daněk |
| 520 | |a Stručne o teórii rozvoja. Vývoj a súčasné prístupy k rozvojovým teóriám v Indii. Rozvoj a rozvojové štúdie v Indii. Krátky "výlet" do súčasnej Indie. Stručná charakteristika piatich prestížnych indických inštitúcií. | ||
| 610 | 2 | 0 | |a rozvoj hospodársky |
| 610 | 2 | 0 | |a teórie ekonomické |
| 610 | 2 | 0 | |a reformy hospodárske |
| 610 | 2 | 0 | |a India |
| 100 | 1 | |a Daněk, Petr | |